000 00644cam a22002293a 4500
001 9985
003 PGUSA
005 20140828083218.0
008 060201s2006||||xxu|||||s|||||000 p eng d
040 _aPGUSA
_beng
042 _adc
050 4 _aPS
100 1 _aCastleman, Virginia Carter
245 1 0 _aPocahontas :
_bA Poem
_h[electronic resource] /
_cVirginia Carter Castleman
260 _bProject Gutenberg,
_c2006
506 _aPublic domain in the USA.
516 _aElectronic text
653 _aPocahontas, d. 1617 -- Poetry
830 0 _aProject Gutenberg
_v9985
856 4 0 _uhttp://www.gutenberg.org/ebooks/9985
942 _cEB
999 _c239241
_d239241